书目信息 |
| 题名: |
普通物理英语文选
|
|
| 作者: | 方涛 编 | |
| 分册: | ||
| 出版信息: | 南京 江苏科学技术出版社 1984 |
|
| 页数: | 272页 | |
| 开本: | 19cm | |
| 丛书名: | ||
| 单 册: | ||
| 中图分类: | O4:H31 | |
| 科图分类: | ||
| 主题词: | 英语--对照读物--英、中 , 物理学 | |
| 电子资源: | ||
| ISBN: | ||
| 000 | 00669nam0 2200241 45 | |
| 001 | 0184003312 | |
| 005 | 20070822155259.67 | |
| 010 | @dCNY0.88 | |
| 091 | @a9196.008 | |
| 100 | @a19950630d1984 emky0chiy0121 ea | |
| 101 | 0 | @achi@aeng |
| 102 | @aCN@b320000 | |
| 105 | @ay z 000yy | |
| 200 | 10 | @a普通物理英语文选@Apu tong wu li ying yu wen xuan@e英汉对照@f方涛编@Ffang tao bian |
| 210 | @a南京@c江苏科学技术出版社@d1984 | |
| 215 | @a272页@d19cm | |
| 606 | @a英语@x对照读物@x英、中 | |
| 606 | 0 | @a物理学 |
| 690 | @aO4:H31 | |
| 701 | 0 | @a方涛@Afang tao@4编 |
| 801 | 2 | @aCN@bNLC@c20070822 |
| 801 | 0 | @aCN@b上海图书馆@c20060427 |
| 905 | @f1@b111314@dO4:H31@e80 | |
| 普通物理英语文选:英汉对照/方涛编.-南京:江苏科学技术出版社,1984 |
| 272页;19cm |
| ISBN :CNY0.88 |
| ● |
| 相关链接 |
|
|
|
|
正题名:普通物理英语文选
索取号:O4:H31/80
 
预约/预借
| 序号 | 登录号 | 条形码 | 馆藏地/架位号 | 状态 | 备注 |
| 1 | 0111312 | 202211276 | 密集书库/ [索取号:O4:H31/80] | 在馆 | |
| 2 | 0111313 | 000390909 | 第三借阅区/ [索取号:O4:H31/80] | 在馆 | |
| 3 | 0111314 | 000390874 | 第三借阅区/ [索取号:O4:H31/80] | 在馆 | |
| 4 | 0111315 | 000390883 | 第三借阅区/ [索取号:O4:H31/80] | 在馆 | |
| 5 | 0111316 | 202291741 | 密集书库/ [索取号:O4:H31/80] | 在馆 | |
| 6 | 0111317 | 000390918 | 第三借阅区/ [索取号:O4:H31/80] | 在馆 | |
| 7 | 0111318 | 001391906 | 第三借阅区/ [索取号:O4:H31/80] | 在馆 | |
| 8 | 0111319 | 001391826 | 第三借阅区/ [索取号:O4:H31/80] | 在馆 | |
| 9 | 0111320 | 000390892 | 第三借阅区/ [索取号:O4:H31/80] | 在馆 | |
| 10 | 0111321 | 001391862 | 第二样本阅览室/ [索取号:O4:H31/80] | 在馆 |